000 00508nam a2200205Ia 4500
003 OSt
005 20140321081224.0
008 140130s9999 xx 000 0 und d
020 _a0439384311
050 _aPZ 7
_b.B81618Dwp 2002
100 _aBrown, Marc
245 _cMarc Brown
_aD.W., got to your room /
260 _bScholastic,
_c2002.
_aBoston, Mass :
300 _a1 v. (unpaged) :
_bcol. ill. ;
_c21 cm.
440 _v1
521 _aG1
526 _c290
942 _cBK
_2lcc
999 _c40109
_d40109